000 00662nam a22002177a 4500
005 20170124110020.0
010 _aB-024065
020 _c00.00
035 _aB-024065
037 _bCen Lib/Ret
040 _adpl
_bEN
082 _a620.112
_bBEL
100 _aBelyaev, N.M.
_972902
245 _aStrength of materials /
_cby N.M.Belyaev;translated by N.K.Mehta
260 _bMir Publishers
_c1979
300 _a703p. :
_c20cm(Hb)
_bill.
650 _aRésistance des matériaux -- Problèmes et exercices.
_972903
650 _aEmployees -- Rating of -- India.
_972904
700 _aMehta, N.K.
_972905
942 _2ddc
_cEN
_h620.112
_mBEL
999 _c127156
_d127156